Los números índices y su utilización en el análisis económico / (Registro nro. 7493)
[ vista simple ]
| 000 -LEADER | |
|---|---|
| fixed length control field | 00997nam a22002177a 4500 |
| 003 - CONTROL NUMBER IDENTIFIER | |
| control field | OSt |
| 005 - DATE AND TIME OF LATEST TRANSACTION | |
| control field | 20210308134821.0 |
| 008 - FIXED-LENGTH DATA ELEMENTS--GENERAL INFORMATION | |
| fixed length control field | 210308s1992 ck ||||gr|||| 00| 0 spa d |
| 040 ## - CATALOGING SOURCE | |
| Original cataloging agency | CO-JMCR |
| Transcribing agency | CO-JMCR |
| 041 0# - LANGUAGE CODE | |
| Language code of text/sound track or separate title | spa |
| 082 04 - DEWEY DECIMAL CLASSIFICATION NUMBER | |
| Classification number | 338.52 / |
| Item number | C828n |
| Edition number | 23 |
| 100 1# - MAIN ENTRY--PERSONAL NAME | |
| Personal name | Cortes Ramírez, Adolfo, |
| Relator term | autor |
| 9 (RLIN) | 14549 |
| 245 14 - TITLE STATEMENT | |
| Title | Los números índices y su utilización en el análisis económico / |
| Statement of responsibility, etc. | Adolfo Cortes Ramirez |
| 260 ## - PUBLICATION, DISTRIBUTION, ETC. | |
| Place of publication, distribution, etc. | Bogotá : |
| Name of publisher, distributor, etc. | Escuela Superior de Administración Pública, |
| Date of publication, distribution, etc. | 1992 |
| 300 ## - PHYSICAL DESCRIPTION | |
| Extent | 603 páginas ; |
| Dimensions | 24 cm. |
| 505 0# - FORMATTED CONTENTS NOTE | |
| Formatted contents note | La aritmética económica -- Los números índices -- Algunos aspectos especiales de los números índices -- uso de los números índices en el análisis económico -- Reconocimiento de los efectos de la inflación en la información financiera. Los estados financieros a precios constantes -- |
| 650 14 - SUBJECT ADDED ENTRY--TOPICAL TERM | |
| Topical term or geographic name entry element | Análisis económico |
| 9 (RLIN) | 14550 |
| 650 24 - SUBJECT ADDED ENTRY--TOPICAL TERM | |
| Topical term or geographic name entry element | Economía matemática |
| 9 (RLIN) | 14551 |
| 650 24 - SUBJECT ADDED ENTRY--TOPICAL TERM | |
| Topical term or geographic name entry element | Estados financieros |
| 9 (RLIN) | 14552 |
| 942 ## - ADDED ENTRY ELEMENTS (KOHA) | |
| Source of classification or shelving scheme | Dewey Decimal Classification |
| Koha item type | Books |
| Withdrawn status | Lost status | Source of classification or shelving scheme | Damaged status | Not for loan | Home library | Current library | Shelving location | Date acquired | Source of acquisition | Total Checkouts | Total Renewals | Full call number | Barcode | Date last seen | Date last checked out | Copy number | Price effective from | Koha item type |
|---|---|---|---|---|---|---|---|---|---|---|---|---|---|---|---|---|---|---|
| Dewey Decimal Classification | Biblioteca Pública José María del Castillo y Rada | Biblioteca Pública José María del Castillo y Rada | General Stacks | Donación | 2 | 2 | 338.52 / C828n | 201810739 | 05/16/2024 | 11/03/2022 | Ej.1 | Books |